000 00460nam a2200169 4500
001 116782
003 ES-MaACL
005 20230906190752.0
007 t|
008 061121s1970 sp r ||||1| cat d
100 1 _aPascual de Sans, Àngels.
_9166132
245 1 3 _aEl retorn dels emigrants /
_cAngels Pascual.
250 _a[1ª ed.].
260 _aBarcelona :
_bNova Terra,
_c1970.
300 _a273 p. ;
_c20 cm.
852 _aES-MaACL
_jC-48636
_bR.73372
999 _c116782
_d116782